On war; (Record no. 551605)
[ view plain ]
| 000 -LEADER | |
|---|---|
| fixed length control field | 00475cam a22001331 4500 |
| 082 ## - DEWEY DECIMAL CLASSIFICATION NUMBER | |
| Classification number | 355.02 |
| Author Mark | KAN |
| -- | L-30, P-34 |
| 100 1# - MAIN ENTRY--PERSONAL NAME | |
| Personal name | Akbar Khan, Mohammed, |
| 9 (RLIN) | 48754 |
| 245 10 - TITLE STATEMENT | |
| Title | On war; |
| Remainder of title | the Islamic policy: grand strategy & diplomacy. |
| Statement of responsibility, etc. | Author: Rangrut. |
| 260 ## - PUBLICATION, DISTRIBUTION, ETC. | |
| Place of publication, distribution, etc. | Karachi, |
| Name of publisher, distributor, etc. | Islamic Military Science Association |
| Date of publication, distribution, etc. | [1967] |
| 300 ## - PHYSICAL DESCRIPTION | |
| Extent | xi, 418 p. |
| Other physical details | maps (1 fold.) |
| Dimensions | 22 cm. |
| 490 1# - SERIES STATEMENT | |
| Series statement | Islamic ideology on war series |
| 526 ## - STUDY PROGRAM INFORMATION NOTE | |
| Program name | 0 |
| Interest level | 0 |
| Reading level | 0 |
| Title point value | 355_020000000000000_KAN |
| 942 ## - ADDED ENTRY ELEMENTS (KOHA) | |
| Source of classification or shelving scheme | |
| Koha item type | Book |
| Withdrawn status | Lost status | Source of classification or shelving scheme | Damaged status | Not for loan | Permanent Location | Current Location | Date acquired | Total Checkouts | Full call number | Barcode | Date last seen | Price effective from | Koha item type |
|---|---|---|---|---|---|---|---|---|---|---|---|---|---|
| Military College of Engineering (MCE) | Military College of Engineering (MCE) | 12/18/2014 | 355.02 KAN | MCE-3495 | 12/18/2014 | 12/18/2014 | Book |
